书目信息 |
| 题名: |
工业与组织心理学
|
|
| 作者: | 舒尔茨 , 舒尔茨 著 ;孟慧 , 林晓鹏 译 | |
| 分册: | ||
| 出版信息: | 上海 上海人民出版社 2014 |
|
| 页数: | 13,458页 | |
| 开本: | 24cm | |
| 丛书名: | ||
| 单 册: | ||
| 中图分类: | F406.13 , C936 | |
| 科图分类: | ||
| 主题词: | 工业心理学--gong ye xin li xue , 组织心理学--zu zhi xin li xue | |
| 电子资源: | ||
| ISBN: | 978-7-208-12502-5 | |
| 000 | 01434nam0 22003371 450 | |
| 001 | 1754518934 | |
| 005 | 20170516112211.0 | |
| 010 | @a978-7-208-12502-5@dCNY78.00 | |
| 100 | @a20150209d2014 em y0chiy50 ea | |
| 101 | 1 | @achi@ceng |
| 102 | @aCN@b310000 | |
| 105 | @aa z 000yy | |
| 106 | @ar | |
| 200 | 1 | @a工业与组织心理学@9gong ye yu zu zhi xin li xue@e心理学与现代社会的工作@dPsychology and work today@f(美)杜安·P. 舒尔茨(Duane Schultz),(美)悉尼·埃伦·舒尔茨(Sydney Ellen Schultz)著@g孟慧,林晓鹏等译@zeng |
| 210 | @a上海@c上海人民出版社@d2014 | |
| 215 | @a13,458页@c照片@d24cm | |
| 305 | @a据原书第10版译出 | |
| 306 | @a由培生教育出版公司授权上海人民出版社合作出版 | |
| 330 | @a本书介绍了工业与组织心理学的基本概念与方法,主要内容包括工业与组织心理学实践、人力资源的发展、组织心理学、工作场所的特质、工程心理学、消费心理学六部分。 | |
| 510 | 1 | @aPsychology and work today@zeng |
| 517 | 1 | @a心理学与现代社会的工作@9xin li xue yu xian dai she hui de gong zuo |
| 606 | 0 | @a工业心理学@9gong ye xin li xue |
| 606 | 0 | @a组织心理学@9zu zhi xin li xue |
| 690 | @aF406.13@v5 | |
| 690 | @aC936@v5 | |
| 701 | 0 | @c(美)@a舒尔茨@9shu er ci@c(Schultz, Duane P.)@4著 |
| 701 | 0 | @c(美)@a舒尔茨@9shu er ci@c(女,Schultz, Sydney Ellen)@4著 |
| 702 | 0 | @a孟慧@9meng hui@c(女,@f1972~)@4译 |
| 702 | 0 | @a林晓鹏@9lin xiao peng@c(心理学)@4译 |
| 801 | 0 | @aCN@b百万庄@c20170513 |
| 905 | @b1005966-71@dF406.13@e226@f6 | |
| 工业与组织心理学:心理学与现代社会的工作=Psychology and work today/(美)杜安·P. 舒尔茨(Duane Schultz),(美)悉尼·埃伦·舒尔茨(Sydney Ellen Schultz)著/孟慧,林晓鹏等译.-上海:上海人民出版社,2014 |
| 13,458页:照片;24cm |
| ISBN 978-7-208-12502-5:CNY78.00 |
| 本书介绍了工业与组织心理学的基本概念与方法,主要内容包括工业与组织心理学实践、人力资源的发展、组织心理学、工作场所的特质、工程心理学、消费心理学六部分。 |
| ● |
| 相关链接 |
|
|
|
|
正题名:工业与组织心理学
索取号:F406.13/226
 
预约/预借
| 序号 | 登录号 | 条形码 | 馆藏地/架位号 | 状态 | 备注 |
| 1 | 1005966 | 210059666 | 第一样本阅览室/ [索取号:F406.13/226] | 在馆 | |
| 2 | 1005967 | 210059675 | 教育系资料室/ [索取号:F406.13/226] | 在馆 | |
| 3 | 1005968 | 210059684 | 教育系资料室/ [索取号:F406.13/226] | 在馆 | |
| 4 | 1005969 | 210059693 | 教育系资料室/ [索取号:F406.13/226] | 在馆 | |
| 5 | 1005970 | 210059700 | 第一借阅区/ [索取号:F406.13/226] | 在馆 | |
| 6 | 1005971 | 210059719 | 第一借阅区/ [索取号:F406.13/226] | 在馆 |